| 000 | 00443nam a22001457a 4500 | ||
|---|---|---|---|
| 008 | 240430b |||||||| |||| 00| 0 eng d | ||
| 020 | _a0415072794. | ||
| 050 | _aB2948.G2 1993 | ||
| 100 | _aStern Robert | ||
| 245 |
_aD.W.F Hegel; _bCritical assessment, _cRobert Stern. |
||
| 260 |
_aNew York: _bRoutledge, _c1993. |
||
| 300 |
_axvii; _b336p, _c24cm. |
||
| 600 |
_aHegel,George Wilhelm Friendrich, _y1770-1831. _952710 |
||
| 942 |
_2lcc _cMONOGRAPH |
||
| 999 |
_c131887 _d131887 |
||